| 000 | 00658cab a2200253 4500 | ||
|---|---|---|---|
| 001 | X1914 | ||
| 008 | 090401t1995 xxu||||| |||| 00| 0 eng d | ||
| 035 | _a(Sirsi) u20325 | ||
| 041 | _aeng | ||
| 100 | _aConnellan, O. | ||
| 245 | _aRed and White issue turns murky | ||
| 260 | _c1995 | ||
| 350 | _a0 | ||
| 490 |
_aProperty Week _v50(4) 26 January 1995, 19(1) |
||
| 520 | _aLetter on RICS Asset valuation guidance notes. | ||
| 650 | _aASSET VALUATION | ||
| 650 | _aRED AND WHITE BOOK | ||
| 650 | _aRICS | ||
| 650 | _aVALUATION ISSUES | ||
| 650 | _aVALUATION METHODOLOGY | ||
| 690 | _aRATING AND VALUATION | ||
| 942 | _n0 | ||
| 948 | _c04/03/1997 | ||
| 999 |
_c13617 _d13617 |
||